| 000 | 00482nam a22001337a 4500 | ||
|---|---|---|---|
| 082 | _aMSEE-4 | ||
| 100 |
_aMaleeha Najam _992979 |
||
| 245 | _aMemory efficient regular expression search for deep packet inspection | ||
| 260 |
_aIslamabad _bNUST-SEECS _c2014 |
||
| 300 |
_a44 _b27cm.+ _eCD-ROM |
||
| 500 | _aSupervisors: Dr. Usman Younis, Dr. Adnan Khalid Kiani, Dr. Raihan ur Rasool, Dr. Rizwan Ahmad | ||
| 856 | _uhttp://10.250.8.41:8080/xmlui/handle/123456789/8909 | ||
| 942 |
_cPR _2ddc |
||
| 999 |
_c13154 _d13154 |
||